000 00502cam a2200205ua 4500
001 8116
008 150109n ii |||gr||||Z||||||hin
020 _a8186135146
040 _cMAIN
041 _ahin
082 _a398.2
100 _aReddy, I.N. C.,
_eAuthor.
245 1 _aAndhra :
_bLok-sahitya avam sanskriti /
_cBy I.N. Chandrashekhar Reddy .
250 _a1st.
260 _aVaranasi:
_bSanjay,
_c1994.
300 _a98p.
653 _aFolklore
653 _aFolk literature
942 _cBK
999 _c7231
_d7231